FROM RELIABLE SOURCES AN INTRODUCTION TO (Record no. 31369)
[ view plain ]
| 000 -LEADER | |
|---|---|
| fixed length control field | 00342nam a2200133Ia 4500 |
| 008 - FIXED-LENGTH DATA ELEMENTS--GENERAL INFORMATION | |
| fixed length control field | 240624s9999 xx 000 0 und d |
| 041 ## - LANGUAGE CODE | |
| Language code of text/sound track or separate title | eng |
| 082 ## - DEWEY DECIMAL CLASSIFICATION NUMBER | |
| Classification number | 828 HOW |
| 100 ## - MAIN ENTRY--PERSONAL NAME | |
| Personal name | HOWELL MARTHA C |
| 245 ## - TITLE STATEMENT | |
| Title | FROM RELIABLE SOURCES AN INTRODUCTION TO |
| 260 ## - PUBLICATION, DISTRIBUTION, ETC. | |
| Date of publication, distribution, etc. | 2001 |
| Place of publication, distribution, etc. | Methods |
| Name of publisher, distributor, etc. | Cornell University Press |
| 300 ## - PHYSICAL DESCRIPTION | |
| Extent | 224 p. |
| 365 ## - TRADE PRICE | |
| Currency code | |
| Price amount | 25 |
| Withdrawn status | Lost status | Damaged status | Not for loan | Home library | Current library | Shelving location | Date acquired | Full call number | Barcode | Date last seen | Copy number | Price effective from | Koha item type |
|---|---|---|---|---|---|---|---|---|---|---|---|---|---|
| IMTN | IMTN | Rack 42-A | 11/15/2018 | 828 HOW | 31369 | 06/24/2024 | 76.1 | 06/24/2024 | Books |